Click the UK Motorway - Statistics

General Stats
  • This quiz has been taken 455 times
  • The average score is 14 of 40
Answer Stats
Hint Answer % Correct
London orbital motorway M25
80%
London to South Wales M4
71%
London to Yorkshire M1
68%
Birmingham to Exeter M5
64%
London to Southampton M3
59%
London (South Woodford) to Cambridge M11
57%
Rugby to Carlisle M6
51%
Liverpool to North Cave (near Hull) the trans-Pennine link M62
48%
Manchester orbital motorway M60
46%
London to Birmingham M40
44%
Edinburgh to Glasgow (and Erskine Bridge) M8
41%
London (Coulsdon) to Crawley M23
40%
Birmingham orbital motorway (southern and eastern) M42
40%
London (Swanley) to Folkestone M20
38%
Cadnam (near Southampton) to Portsmouth M27
37%
M6 J30 (near Preston) to M60 J14/J15 (near Manchester) M61
36%
M1 J32 (near Rotherham) to M62 J35 (near Goole) M18
33%
Medway towns bypass (Rochester to Faversham) M2
30%
M6 J10A (near Wolverhampton) to Telford M54
30%
Spur from the M4 to central Bristol M32
29%
M5 J8 (near Tewkesbury) to Ross-on-Wye M50
29%
Glasgow to Gretna M74/A74(M)
29%
Edinburgh to Stirling M9
29%
M25 J5 (near Sevenoaks) to M20 J3 (near Maidstone) M26
28%
Leicester to Coventry M69
28%
M4 J21 (Olveston) to M4 J23 (via 1st Severn crossing) M48
27%
Chester to Cheadle (near Stockport) M56
26%
M4 J22 (Severn Beach) to M5 J18 (Avonmouth) M49
25%
M6 J32 (near Preston) to Blackpool M55
25%
M6 J29 (near Preston) to Colne (Lancashire) M65
24%
Glasgow to Fenwick (near Kilmarnock) M77
24%
Glasgow to Stirling M80
24%
M1 J17 (near Daventry) to Dunchurch (Coventry approach) M45
22%
Chester to Wallasey M53
22%
M60 J4 (near Whitefield) to Ramsbottom (Bury bypass) M66
21%
M60 J24 (near Denton) to Mottram (Hyde bypass) M67
21%
Edinburgh to Perth (via Forth Road Bridge) M90
21%
Aintree to Ditton (Liverpool outer bypass) M57
20%
M6 J26 (near Wigan) to Aintree (near Liverpool) M58
20%
M74 J4 (Maryville) to M80 J4 (near Cumbernauld) M73
18%
No matching quizzes found
Score Distribution
Percent of People with Each Score
Percentile by Number Answered
Your Score History
You have not taken this quiz